Structural steel design.

Gardado en:
Detalles Bibliográficos
Main Authors: McCormac, Jack C. (autor), Csernak, Stephen F (Author)
Formato: Libro
Idioma:inglés
Publicado: Hoboken, NJ., USA: Pearson Education, 2018.
Edición:Sixth edition.
Subjects:
Tags: Engadir etiqueta
Sen Etiquetas, Sexa o primeiro en etiquetar este rexistro!

MARC

LEADER 00000cam a2200000 a 4500
001 UCC5602
003 CL-VaPUC
005 20220506112044.0
008 181021e20180000us |||||||||||||||||eng|d
999 |c 372775  |d 372773 
020 |a 9780134589657 
040 |c Pontificia Universidad Católica de Valparaíso 
082 0 4 |a 624.1821 MCC 2018  |2 21 
100 |a McCormac, Jack C.  |e autor  |9 599954 
245 1 0 |a Structural steel design. 
250 |a Sixth edition.  
260 |a Hoboken, NJ., USA:  |b Pearson Education,  |c 2018. 
300 |a 735 páginas  
583 |a last modification  |c 20181021 19:29:00  |k Rodrigo Vera 
650 0 |a Construcciones metálicas  |2 CL-VaPUC  |9 267978 
650 0 |a Estructuras de acero  |2 CL-VaPUC  |9 260344  |x Diseño y construcción  
650 0 |a Diseño de estructuras  |9 260345 
700 0 |a Csernak, Stephen F  |e author  |9 599955 
942 |c BK  |2 ddc 
945 |d 20181021 19:29:00  |a dcastane 
952 |0 0  |1 0  |3 erd  |4 0  |6 624_182100000000000_MCC_2018  |7 0  |8 A  |9 490592  |a BIBING  |b BIBING  |i 5508231  |o 624.1821 MCC 2018  |p 5508231  |r 2025-01-20  |w 2019-11-24  |y BK  |z Catalogado en:20181021  |k CIC 
952 |0 0  |1 0  |2 ddc  |4 0  |6 624_182100000000000_MCC_2018  |7 0  |8 A  |9 582959  |a BIBING  |b BIBING  |c GEN  |d 2022-05-06  |e 1  |g 213630.00  |i 5651115  |o 624.1821 MCC 2018  |p 5651115  |r 2025-01-20  |t 2  |v 213630.00  |w 2022-05-06  |y BK  |k CIC 
952 |0 0  |1 0  |2 ddc  |4 0  |6 624_182100000000000_MCC_2018  |7 0  |8 A  |9 583141  |a BIBING  |b BIBING  |c GEN  |d 2022-05-19  |e 1  |g 207066.33  |i 5651276  |o 624.1821 MCC 2018  |p 5651276  |r 2025-01-20  |t 3  |v 207066.33  |w 2022-05-19  |y BK  |k CIC